000 00814nas a2200277 4500
001 BR0205053
003 BR-BrBNA
005 20231205103306.0
007 ta
008 230509b bl.|||p| |||| 00| 00por d
040 _aBR-BrBNA
_bpor
_cBiblioteca Nacional de Agricultura
041 _a(Pt)
072 _aH60; F01
100 1 _aFerri, M.V.W.
100 1 _aVidal, R.A.
245 1 _aPersistência do acetochlor em solo sob semeadura direta e convencional
650 _aTRIGO
650 _aERVA DANINHA
650 _aMANEJO DO SOLO
650 _aHERBICIDA
650 _aPLANTIO DIRETO
650 _aPERSISTÊNCIA DE PESTICIDA
773 0 _tPlanta Daninha (Brazil)
_xISSN 0100-8358
_g(Jan-Apr 2002), v. 20(1) p. 133-139
_wBR0205053
909 _a202311
_bLúcia
_c55
_dLúcia Elande
942 _2AGRIS
_n0
_cANA
999 _c172113
_d172113